top 15 des meilleurs joueurs de tout les temps - football - Statistiques

Statistiques générales
  • Ce quiz a été pris 8 859 fois
  • Le résultat moyen est 9 sur 15
Statistiques - réponses
Hint Réponse % Correct
2 Cristiano Ronaldo
100%
1 Lionel Messi
100%
9 Ronaldo
98%
3 Pelé
92%
4 Diego Maradona
87%
6 Zinédine Zidane
86%
8 Ronaldinho
73%
5 Johann Cruyff
57%
11 Michel Platini
54%
13 Paolo Maldini
43%
7 Franz Beckenbauer
30%
15 Gerd Muller
29%
12 Marco Van Basten
27%
14 Alfredo Di stefano
23%
10 George Best
13%
Aucun quiz correspondant
Distribution des résultats
% des personnes avec chaque résultat
Percentile par nombre de réponses
Votre historique - résultats
Vous n’avez pas pris ce quiz